01485cam a22003977a 4500003000500000005001700005008004100022010001000063011001000073020001500083035001000098040000900108082001800117100003600135245010500171250001000276260005900286300003100345410003300376490003700409590004100446590004100487590004100528590004100569590004100610590004200651650002900693810004000722830004400762901000700806905002600813942001000839949007500849999001700924952014600941CHAP20220329141908.0980424d1995 mx a r 00110 spa d a75401 a76373 a9681648293 a85956 cCHAP04a080bC5 v.10600aMartinell Benito, Julio.97165614aLos prometeos modernos o el esfuerzo para controlar la fusión nuclearc/por Julio Martinell Benito a2 ed. aMéxico, D.F. :bFondo de Cultura Económica,c1995. a121 p. :bilus. ; gráfs.20aFondo de Cultura Económica 3aLa ciencia desde Méxicov; 106 aBATCH-UPDb10c20130110lUCH01h0631 aBATCH-UPDb10c20130110lUCH01h2258 aBATCH-UPDb10c20130410lUCH01h0315 aBATCH-UPDb10c20130410lUCH01h1645 aBATCH-UPDb10c20130914lUCH01h1452 aCONVERSIONb10c20130109lUCH01h134114aFusión nuclear.94410600aFondo de Cultura Económica942096 3aLa ciencia desde Méxicov; 106964199 aBK aAlejandra Carrasco M. cLIBRO a080 C5 v.106bBCcCd33724000594438eCgI.c/eh93033i85956sbt$26.00 c75401d75401 00102ddc4051708CaBCbBCcPA_CONSULTAd2019-12-31eI.c/efLIBROl0o080 C5 v.106p33724000594438r2019-12-31 00:00:00w2019-12-31yLIBRO